| 000 | 01495nam a2200265Ia 4500 | ||
|---|---|---|---|
| 003 | PE SENCICO BE | ||
| 005 | 20251020182431.0 | ||
| 008 | 200515s9999 xx 000 0 und d | ||
| 020 | _a84-252-1643-5 | ||
| 040 |
_aPE SENCICO BE _cPE SENCICO BE |
||
| 041 | _aspa | ||
| 082 |
_a745.4 _bW84 1997 |
||
| 100 | 1 |
_aWong, Wucius _92585 _eautor |
|
| 245 | 1 | 0 |
_aFundamentos del diseño / _cWucius Wong |
| 250 | _a2a ed. | ||
| 260 |
_aBarcelona : _bGustavo Gili ; _c1997 |
||
| 300 |
_a348 p. : _bil., graf. ; _c23 cm. |
||
| 505 | 0 | _aEstructura bi-dimensional -- Forma -- Repetición -- Estructura -- Similitud -- Gradación -- Radiación -- Anomalía -- Contraste -- Concentración -- Textura -- Espacio -- Aspectos de la forma -- La visualización de la forma -- Tipos de forma -- Tipos de figura -- Creación de figuras geométricas -- Variaciones de una forma -- Formas figurativas -- Composiciones independientes -- Composiciones con repetición -- Composiciones con radiación -- Composición con gradación -- Composiciones con semejanza -- Composición con contraste -- Composición con anomalía -- Diseño tridimensional -- Planos seriados -- Estructura de pared -- Prismas y cilindros -- Estructuras poliédricas -- Planos triangulares -- Estructura lineal -- Capas lineales -- Lineas enlazadas | |
| 650 | 1 | 0 |
_aDiseño _9965 |
| 650 | 2 | 0 |
_aFormas _91945 |
| 650 | 2 | 0 |
_aPercepción visual _989 |
| 650 | 2 | 0 |
_aArtes visuales _917 |
| 650 | 2 | 0 |
_aColor en el diseño _91793 |
| 942 |
_cLIB _2ddc |
||
| 999 |
_c253 _d253 |
||